<?xml version="1.0" encoding="UTF-8"?><?xml-stylesheet type="text/xsl" href="static/style.xsl"?><OAI-PMH xmlns="http://www.openarchives.org/OAI/2.0/" xmlns:xsi="http://www.w3.org/2001/XMLSchema-instance" xsi:schemaLocation="http://www.openarchives.org/OAI/2.0/ http://www.openarchives.org/OAI/2.0/OAI-PMH.xsd"><responseDate>2026-06-02T21:33:25Z</responseDate><request verb="GetRecord" identifier="oai:riuma.uma.es:10630/35849" metadataPrefix="marc">https://riuma.uma.es/rest/oai/request</request><GetRecord><record><header><identifier>oai:riuma.uma.es:10630/35849</identifier><datestamp>2026-02-03T11:39:36Z</datestamp><setSpec>com_10630_2254</setSpec><setSpec>col_10630_37956</setSpec></header><metadata><record xmlns="http://www.loc.gov/MARC21/slim" xmlns:dcterms="http://purl.org/dc/terms/" xmlns:doc="http://www.lyncode.com/xoai" xmlns:xsi="http://www.w3.org/2001/XMLSchema-instance" xsi:schemaLocation="http://www.loc.gov/MARC21/slim http://www.loc.gov/standards/marcxml/schema/MARC21slim.xsd">
   <leader>00925njm 22002777a 4500</leader>
   <datafield ind2=" " ind1=" " tag="042">
      <subfield code="a">dc</subfield>
   </datafield>
   <datafield ind2=" " ind1=" " tag="720">
      <subfield code="a">Avilés-Hernández, Elena</subfield>
      <subfield code="e">author</subfield>
   </datafield>
   <datafield ind2=" " ind1=" " tag="260">
      <subfield code="c">2019</subfield>
   </datafield>
   <datafield ind2=" " ind1=" " tag="520">
      <subfield code="a">La libertad de expresión, tal y como reconocen tanto organismos nacionales como internacionales no es un derecho absoluto, sino que encuentra sus límites en aquellas manifestaciones que puedan vulnerar derechos y libertades de otros ciudadanos  en forma de actos discriminatorios o violentos. Uno de estos límites aparece vinculado al discurso del odio o hate speech, un discurso que busca intimidar, oprimir o incitar al odio o a la violencia hacia un blanco específico pero cuya conceptualización se pierde en la delgada línea entre la libertad de expresión y la protección de la dignidad humana de ciertos colectivos.</subfield>
   </datafield>
   <datafield ind1="8" ind2=" " tag="024">
      <subfield code="a">El discurso del odio como límite a la libertad de expresión: Análisis de la jurisprudencia del TEDH y su influencia en el Tribunal Constitucional español. En la obra: La influencia de la jurisprudencia del Tribunal Europeo de Derechos Humanos en el derecho interno. Tirant lo Blanch 2019. ISBN: 978-84-13-13763-6. https://doi.org/10.36151/TLB_9788413137636</subfield>
   </datafield>
   <datafield ind1="8" ind2=" " tag="024">
      <subfield code="a">https://hdl.handle.net/10630/35849</subfield>
   </datafield>
   <datafield ind1="8" ind2=" " tag="024">
      <subfield code="a">10.36151/TLB_9788413137636</subfield>
   </datafield>
   <datafield tag="653" ind2=" " ind1=" ">
      <subfield code="a">Tribunal Europeo de Derechos Humanos</subfield>
   </datafield>
   <datafield tag="653" ind2=" " ind1=" ">
      <subfield code="a">Delitos contra el honor</subfield>
   </datafield>
   <datafield ind2="0" ind1="0" tag="245">
      <subfield code="a">El discurso de odio como límite a la libertad de expresión: Análisis de la jurisprudencia del TEDH y su influencia en el Tribunal Constitucional Español.</subfield>
   </datafield>
</record>
</metadata></record></GetRecord></OAI-PMH>